000 00296nam a2200097Ia 4500
008 240331s9999 xx 000 0 und d
082 _bKUM
100 _aKumar, R
245 4 _aThe history of doing :
_ban illustrated account of movements for women's rights and feminism in India 1800-1990
942 _cL
999 _c1917
_d1917